Dictionnaire alphabétique et analogique. Vol.3

Saved in:
Bibliographic Details
Main Author: Paul Robert
Format: Book
Language:Undetermined
Published: Paris SNL. Le Robert 1966
Subjects:
Tags: Add Tag
No Tags, Be the first to tag this record!
Institutions: Trung tâm Học liệu Trường Đại học Cần Thơ
LEADER 00499nam a2200181Ia 4500
001 CTU_26114
008 210402s9999 xx 000 0 und d
082 |a 443 
082 |b R639/T3 
100 |a Paul Robert 
245 0 |a Dictionnaire alphabétique et analogique. Vol.3 
245 0 |c Paul Robert 
260 |a Paris 
260 |b SNL. Le Robert 
260 |c 1966 
650 |a french language - dictionaries 
904 |i Minh, 981008 
980 |a Trung tâm Học liệu Trường Đại học Cần Thơ